000 00270nam a2200109 4500
999 _c13008
_d13008
008 241205b ||||| |||| 00| 0 eng d
100 _aBarbaralee Diamons
245 _aInterior design the new freedom
260 _aNew york
_bRizzoli
300 _a189p.;
942 _2ddc